Wildlife of Bangladesh / (Record no. 5821)
[ view plain ]
| 000 -LEADER | |
|---|---|
| fixed length control field | 00567nam a2200217 a 4500 |
| 001 - CONTROL NUMBER | |
| JCCL Control Number | 5821 |
| 003 - CONTROL NUMBER IDENTIFIER | |
| JCCL marc code | BD-JhCC |
| 005 - DATE AND TIME OF LATEST TRANSACTION | |
| control field | 20171227162123.0 |
| 008 - FIXED-LENGTH DATA ELEMENTS--GENERAL INFORMATION | |
| fixed length control field | 171227s1982 bg ||||| |||| 00| 0 eng d |
| 035 ## - SYSTEM CONTROL NUMBER | |
| system control number | (BD-JhCC)5821 |
| 040 ## - CATALOGING SOURCE | |
| Original cataloging agency | BD-JhCC |
| Modifying agency | BD-JhCC |
| 041 ## - LANGUAGE CODE | |
| Language code of Book | eng |
| 082 ## - DEWEY DECIMAL CLASSIFICATION NUMBER | |
| Classification number | 591.95492 |
| Author mark and Year | KHA 1982 |
| 100 ## - MAIN ENTRY--PERSONAL NAME | |
| Personal name | Khan, Mohammad All Reza |
| 245 ## - TITLE STATEMENT | |
| Title | Wildlife of Bangladesh / |
| Statement of responsibility, etc | Mohammad All Reza Khan |
| 260 ## - PUBLICATION, DISTRIBUTION, ETC. (IMPRINT) | |
| Place of publication, distribution, etc | Dhaka : |
| Name of publisher, distributor, etc | University of Dhaka, |
| Date of publication, distribution, etc | 1982. |
| 300 ## - PHYSICAL DESCRIPTION | |
| Pagination | 173 p. : |
| Dimensions | 24 cm . |
| 650 ## - SUBJECT ADDED ENTRY--TOPICAL TERM | |
| Topical term or geographic name as entry element | Animals |
| Geographic subdivision | Bangladesh |
| 942 ## - ADDED ENTRY ELEMENTS (KOHA) | |
| Source of classification or shelving scheme | Dewey Decimal Classification |
| Koha item type | Books |
| Source of classification or shelving scheme | Damaged status | Not for loan | Home library | Current library | Shelving location | Date of accession | Cost, normal purchase price | Total Checkouts | Full call number | Barcode | Date last seen | Copy number | Koha item type |
|---|---|---|---|---|---|---|---|---|---|---|---|---|---|
| Dewey Decimal Classification | JCC Rouf Library | JCC Rouf Library | General Stacks | 12/27/2017 | 90.00 | 591.95492 KHA 1982 | 7467 | 12/27/2017 | C - 1 | Books |